00494nam a2200181Ia 4500008004100000020001800041082000800059100001900067245001800086250000600104260003300110300001700143500002400160650001400184942000700198952009000205999001700295230524s9999 xx 000 0 und d a9788126539550 bPAI aB.U.Pai942621 0aTurbomachines a1 aNew DelhibWiley Indiac2015 a"XXII,381p:" aQuantity Number: 1 aMechanics cBK 00104070aTATCLbTATCLcGENd2023-05-24l0o PAIp54014r2023-05-24w2023-05-24yBK c57632d57632